000 00344nam a22001217a 4500
999 _c12533
_d12533
008 241114b 2002 ||||| |||| 00| 0 eng d
020 _a1870077598
082 _a623.817
_bCLA
245 _aThe management of merchant ship stability,trim and strength
260 _aLondon
_bThe Nautical Institute
_c2002
300 _axi, 2936p.
942 _cBK